000 00838nam a2200265Ia 4500
003 OSt
005 20221005083059.0
006 a|||||r|||| 00| 0
007 ta
008 221004b |||||||| |||| 00| 0 eng d
020 _a9788189487478 (hbk)
_c725
024 _a99869
037 _b064, 13/11/2009, Independent Publishers Group
_cTextual
040 _aCRL
_cCRL
_beng
041 _2eng
_aeng
082 _aS:4.2, P9
100 _aJha D.N. Ed.
245 0 _aMind over matter
_b Essays on mentalities in medieval India
260 _aNew Delhi
_bTulika Books India
_c2009
300 _axv,352p.
_ccm.
650 _aPSYCHOLOGY
700 _a Vanina Eugenia Ed.
_9141992
942 _hS:4.2, P9
_cTEXL
_2cc
999 _c990269
_d990269